[Event "South America-ch 1st"]
[Site "Lima"]
[Date "2023.09.21"]
[Round "8"]
[White "Minaya Mundines, Pietro Gerardo"]
[Black "Caceres Sandoval, Eduardo"]
[Result "0-1"]
[WhiteElo "1584"]
[BlackElo "1821"]
[PlyCount "72"]
[EventDate "2023.09.14"]
[EventType "swiss"]
[EventRounds "9"]
[EventCountry "PER"]
[SourceTitle "EXT 2024"]
[Source "ChessBase"]
[SourceDate "2023.10.10"]
[SourceVersion "1"]
[SourceVersionDate "2023.10.10"]
[SourceQuality "1"]

1. Nf3 c5 2. c4 Nc6 3. g3 g6 4. Bg2 Bg7 5. 0-0 Rb8 6. Nc3 d6 7. e3 e5 8. d4 Bg4 9. dxc5 dxc5 10. Qe2 Nge7 11. h3 Bd7 12. Ne4 Bf5 13. Rd1 Bxe4 14. Rxd8+ Rxd8 15. Ne1 Bxg2 16. Kxg2 0-0 17. Bd2 Rd7 18. Bc3 Rfd8 19. Qc2 f5 20. a3 a5 21. Qb3 e4 22. Qb5 Bxc3 23. bxc3 Rd2 24. Rb1 Re2 25. Qxc5 Rdd2 26. Rxb7 Rxf2+ 27. Kg1 Rfe2 28. Rb1 Rh2 29. Qb6 Rxh3 30. Qc7 f4 31. Qxf4 Nf5 32. Rb7 Rxg3+ 33. Kh1 Rxe3 34. Ng2 Rh3+ 35. Kg1 Rd1+ 36. Kf2 Rf3+ 0-1

[Event "Lima Palma Memorial 2nd"]
[Site "Lima"]
[Date "2016.09.11"]
[Round "3.10"]
[White "Minaya Mundines, Pietro Gerardo"]
[Black "Revolledo, Cesar"]
[Result "0-1"]
[WhiteElo "1574"]
[BlackElo "1749"]
[PlyCount "88"]
[EventDate "2016.09.09"]
[EventType "swiss"]
[EventRounds "7"]
[EventCountry "PER"]
[SourceTitle "EXT 2024"]
[Source "ChessBase"]
[SourceDate "2023.10.10"]
[SourceVersion "1"]
[SourceVersionDate "2023.10.10"]
[SourceQuality "1"]

1. e4 c5 2. Nf3 d6 3. d4 cxd4 4. Nxd4 Nf6 5. Nc3 a6 6. f3 e6 7. Be3 Qc7 8. Qd2 b5 9. g4 Nc6 10. 0-0-0 Nd7 11. Qf2 Bb7 12. Kb1 Nc5 13. Bd3 Ne5 14. Rhe1 Be7 15. h3 b4 16. Nce2 d5 17. exd5 Bxd5 18. Nc1 Ncxd3 19. Nxd3 Nc4 20. Bf4 Qb6 21. Nc1 Bc5 22. Ncb3 0-0 23. Nxc5 Qxc5 24. Qg3 Rfd8 25. Nb3 Qc6 26. Rd3 Rac8 27. Qf2 a5 28. Red1 a4 29. Nd4 Qb6 30. Qh2 a3 31. Bc1 axb2 32. Bxb2 Ra8 33. Nb3 Rdc8 34. c3 bxc3 35. Rxc3 Na3+ 36. Kc1 Rxc3+ 37. Bxc3 Bxb3 38. axb3 Qxb3 39. Qb2 Qxb2+ 40. Kxb2 Nc4+ 41. Kb3 Ne3 42. Rd7 Rb8+ 43. Ka2 Nd5 44. Ba5 Kf8 0-1